[Event "Milan Epiphany op"]
[Site "Milan"]
[Date "2010.01.05"]
[Round "5"]
[White "Faccio, Fabio"]
[Black "Vallone, Ugo"]
[Result "1/2-1/2"]
[WhiteElo "1937"]
[BlackElo "1919"]
[PlyCount "105"]
[EventDate "2010.01.02"]
[EventType "swiss"]
[EventRounds "7"]
[EventCountry "ITA"]
[SourceTitle "EXT 2024"]
[Source "ChessBase"]
[SourceDate "2023.10.10"]
[SourceVersion "1"]
[SourceVersionDate "2023.10.10"]
[SourceQuality "1"]

1. e4 d6 2. d4 g6 3. Nc3 Bg7 4. f4 a6 5. Nf3 b5 6. Bd3 Bg4 7. Be3 b4 8. Ne2 Bxf3 9. gxf3 Qc8 10. h4 Nd7 11. Qd2 c5 12. e5 f5 13. c3 c4 14. Bc2 Qb7 15. Kf2 a5 16. h5 Nh6 17. hxg6 hxg6 18. Rag1 Ng4+ 19. Kg3 Rxh1 20. Rxh1 0-0-0 21. Rh7 dxe5 22. fxg4 fxg4 23. Ng1 Nf6 24. Rh4 Nh5+ 25. Kxg4 exf4 26. Bxf4 Nxf4 27. Kxf4 g5+ 28. Kg4 gxh4 29. Bf5+ Kb8 30. Qh2+ e5 31. Nf3 Bf6 32. dxe5 Rg8+ 33. Kf4 Rg3 34. Qf2 Rxf3+ 35. Qxf3 Bxe5+ 36. Kg4 Qxf3+ 37. Kxf3 b3 38. axb3 cxb3 39. Be6 a4 40. Bd7 a3 41. bxa3 b2 42. Bf5 Bxc3 43. a4 Be5 44. Kg4 Bf6 45. Bd3 Bd8 46. Be4 Ka7 47. a5 Ka6 48. Bf5 Kxa5 49. Bg6 Kb4 50. Kh3 Kc3 51. Kh2 Kd2 52. Kh1 h3 53. Kh2 1/2-1/2

[Event "Milan Epiphany op"]
[Site "Milan"]
[Date "2010.01.03"]
[Round "2"]
[White "Faccio, Fabio"]
[Black "Papa, Angelo"]
[Result "0-1"]
[WhiteElo "1937"]
[BlackElo "1852"]
[PlyCount "66"]
[EventDate "2010.01.02"]
[EventType "swiss"]
[EventRounds "7"]
[EventCountry "ITA"]
[SourceTitle "EXT 2024"]
[Source "ChessBase"]
[SourceDate "2023.10.10"]
[SourceVersion "1"]
[SourceVersionDate "2023.10.10"]
[SourceQuality "1"]

1. e4 g6 2. d4 Bg7 3. Nf3 d6 4. Bc4 c6 5. Nc3 Nf6 6. Bg5 b5 7. Bb3 0-0 8. Qe2 h6 9. Bh4 a5 10. a3 Ba6 11. Qe3 Qc7 12. Bxf6 exf6 13. 0-0-0 Nd7 14. Nh4 Kh7 15. Qg3 Nb6 16. Rhe1 b4 17. axb4 axb4 18. Na2 Bc4 19. Nxb4 Ra1+ 20. Kd2 Rxd1+ 21. Rxd1 Bxb3 22. Qxb3 d5 23. Qg3 Nc4+ 24. Ke2 Qb6 25. Qb3 Re8 26. f3 f5 27. Nd3 fxe4 28. Qxb6 exd3+ 29. Kf2 Nxb6 30. Rxd3 Bf6 31. Kg3 Nc4 32. b3 Ne3 33. c4 g5 0-1

[Event "Milan Epiphany op"]
[Site "Milan"]
[Date "2010.01.02"]
[Round "1"]
[White "Gagliardi, Christian"]
[Black "Faccio, Fabio"]
[Result "1-0"]
[WhiteElo "2222"]
[BlackElo "1937"]
[PlyCount "73"]
[EventDate "2010.01.02"]
[EventType "swiss"]
[EventRounds "7"]
[EventCountry "ITA"]
[SourceTitle "EXT 2024"]
[Source "ChessBase"]
[SourceDate "2023.10.10"]
[SourceVersion "1"]
[SourceVersionDate "2023.10.10"]
[SourceQuality "1"]

1. e4 c5 2. Nf3 d6 3. d4 cxd4 4. Nxd4 Nf6 5. Nc3 a6 6. Qf3 Nbd7 7. h3 e6 8. g4 Be7 9. Be3 Ne5 10. Qg2 Qc7 11. g5 Nfd7 12. f4 Nc4 13. Bxc4 Qxc4 14. 0-0-0 b5 15. e5 d5 16. g6 hxg6 17. Nxe6 fxe6 18. Qxg6+ Kd8 19. Qxe6 Re8 20. Bb6+ Nxb6 21. Qxb6+ Qc7 22. Rxd5+ Bd7 23. Rxd7+ Kxd7 24. Rd1+ Kc8 25. Qe6+ Kb8 26. Nd5 Qc8 27. Qb6+ Qb7 28. Qg6 Rd8 29. Qe6 Bc5 30. f5 Qd7 31. Qg6 Be3+ 32. Nxe3 Qc7 33. Rxd8+ Qxd8 34. Qxg7 Ra7 35. Qg4 Rd7 36. e6 Rd4 37. e7 1-0

[Event "Monza op"]
[Site "Monza"]
[Date "2006.03.19"]
[Round "2"]
[White "Poletto, Daniele"]
[Black "Faccio, Fabio"]
[Result "1-0"]
[WhiteElo "1670"]
[BlackElo "1948"]
[PlyCount "93"]
[EventDate "2006.03.18"]
[EventType "swiss"]
[EventRounds "6"]
[EventCountry "ITA"]
[SourceTitle "EXT 2007"]
[Source "ChessBase"]
[SourceDate "2006.11.23"]
[SourceVersion "1"]
[SourceVersionDate "2006.11.23"]
[SourceQuality "1"]

1. c4 c5 2. Nc3 Nc6 3. g3 g6 4. Bg2 Bg7 5. e4 e6 6. Nge2 Nge7 7. 0-0 0-0 8. d3 d6 9. Rb1 a6 10. a3 Rb8 11. b4 cxb4 12. axb4 b5 13. cxb5 axb5 14. d4 Qc7 15. Be3 f5 16. f3 Bd7 17. Qd2 d5 18. e5 Qb6 19. Qb2 Nxe5 20. Qc1 Nc4 21. Kh1 Nc6 22. Rd1 Ra8 23. Bh6 Ra3 24. Bxg7 Kxg7 25. Bf1 Rfa8 26. f4 Nd8 27. Ng1 Nf7 28. Nf3 Nfd6 29. Bxc4 bxc4 30. Ne5 Bb5 31. g4 Ne4 32. Nxe4 fxe4 33. f5 exf5 34. gxf5 Qf6 35. fxg6 hxg6 36. Rf1 Qh4 37. Rf7+ Kg8 38. Qf1 Rh3 39. Rg7+ Kh8 40. Nxg6+ Kxg7 41. Nxh4 Rxh4 42. Qf2 Rh6 43. Rf1 c3 44. Qf7+ Kh8 45. Rg1 Rxh2+ 46. Kxh2 Ra2+ 47. Kh1 1-0

[Event "Lombardia-ch"]
[Site "Monza"]
[Date "2005.05.15"]
[Round "3"]
[White "Faccio, Fabio"]
[Black "Viale, Fabio"]
[Result "0-1"]
[WhiteElo "1952"]
[BlackElo "1595"]
[PlyCount "71"]
[EventDate "2005.05.14"]
[EventType "swiss"]
[EventRounds "6"]
[EventCountry "ITA"]
[SourceTitle "EXT 2007"]
[Source "ChessBase"]
[SourceDate "2006.11.23"]
[SourceVersion "1"]
[SourceVersionDate "2006.11.23"]
[SourceQuality "1"]

1. e4 g6 2. d4 Bg7 3. Nf3 d6 4. Be3 c6 5. Nc3 Nd7 6. Qd2 Qc7 7. Be2 Ngf6 8. 0-0 0-0 9. Bh6 Re8 10. Bxg7 Kxg7 11. Rfe1 e5 12. Bf1 a6 13. a4 b6 14. g3 Bb7 15. Bg2 b5 16. a5 Rad8 17. b4 c5 18. bxc5 dxc5 19. d5 c4 20. Nh4 Qc5 21. Qg5 Kh8 22. Qe3 Qxe3 23. Rxe3 Nc5 24. f4 exf4 25. Ree1 fxg3 26. hxg3 Ng4 27. Bh3 Ne5 28. Rad1 g5 29. Nf5 Nf3+ 30. Kf2 Nxe1 31. Rxe1 Bc8 32. e5 Bxf5 33. Bxf5 Nd7 34. Rh1 Nf8 35. Rh5 Rxe5 36. Rxg5 0-1

[Event "Crema op 06th"]
[Site "Crema"]
[Date "2004.09.04"]
[Round "3"]
[White "Faccio, Fabio"]
[Black "Milanesi, Erminio"]
[Result "1-0"]
[WhiteElo "1811"]
[BlackElo "1634"]
[PlyCount "109"]
[EventDate "2004.09.03"]
[EventType "swiss"]
[EventRounds "6"]
[EventCountry "ITA"]
[SourceTitle "EXT 2007"]
[Source "ChessBase"]
[SourceDate "2006.11.23"]
[SourceVersion "1"]
[SourceVersionDate "2006.11.23"]
[SourceQuality "1"]

1. e4 g6 2. d4 Bg7 3. Nf3 Nh6 4. h3 c6 5. Nc3 0-0 6. Be3 f6 7. Qd2 Nf7 8. 0-0-0 d6 9. Be2 b5 10. Nb1 Bd7 11. h4 a5 12. h5 g5 13. Nh2 e5 14. g3 h6 15. f4 exd4 16. Bxd4 c5 17. Be3 Bc6 18. Nc3 b4 19. Nd5 Na6 20. Bc4 Nc7 21. Ng4 Nxd5 22. Bxd5 Bxd5 23. Qxd5 Qe7 24. Rhe1 Rad8 25. Bg1 Rfe8 26. Nh2 Qe6 27. Qxe6 Rxe6 28. f5 Re7 29. Nf3 Rde8 30. Nd2 Ne5 31. Re3 c4 32. Rde1 Kf7 33. b3 c3 34. Nf1 Ng4 35. Rd3 Rxe4 36. Rxe4 Rxe4 37. Rxd6 Bf8 38. Rd3 Re5 39. Ne3 Bc5 40. Nxg4 Re1+ 41. Rd1 Rxd1+ 42. Kxd1 Bxg1 43. Nxh6+ Kg7 44. Ng4 Bd4 45. Ke2 Bb6 46. Kf3 Bd8 47. Ne3 Kh6 48. g4 Kg7 49. Nc4 Kf7 50. Ke4 Bc7 51. Kd5 Ke7 52. Kc6 Bd8 53. Kb5 Kf7 54. Nxa5 Be7 55. Nc6 1-0

[Event "Bresso op 4th"]
[Site "Bresso"]
[Date "2004.06.13"]
[Round "6"]
[White "Faccio, Fabio"]
[Black "Pelizzola, Danilo"]
[Result "1-0"]
[WhiteElo "1721"]
[BlackElo "2081"]
[PlyCount "51"]
[EventDate "2004.06.10"]
[EventType "swiss"]
[EventRounds "6"]
[EventCountry "ITA"]
[SourceTitle "EXT 2007"]
[Source "ChessBase"]
[SourceDate "2006.11.23"]
[SourceVersion "1"]
[SourceVersionDate "2006.11.23"]
[SourceQuality "1"]

1. e4 c6 2. d4 d5 3. exd5 cxd5 4. c4 Nf6 5. Nc3 Nc6 6. Be3 e6 7. a3 b6 8. Nf3 Bb7 9. Bd3 dxc4 10. Bxc4 Be7 11. 0-0 0-0 12. d5 Na5 13. Ba2 exd5 14. Rc1 Rc8 15. Nd4 Ne4 16. Nxe4 dxe4 17. Qg4 Kh8 18. Rcd1 Bf6 19. Ne6 Qe8 20. Nxf8 Qxf8 21. Rd7 Bxb2 22. Rxf7 Qe8 23. Rd1 Bc6 24. Bd4 Bxd4 25. Rxd4 g6 26. Qf4 1-0

[Event "Bresso op 4th"]
[Site "Bresso"]
[Date "2004.06.13"]
[Round "5"]
[White "Milan, Paolo"]
[Black "Faccio, Fabio"]
[Result "0-1"]
[WhiteElo "1811"]
[BlackElo "1721"]
[PlyCount "66"]
[EventDate "2004.06.10"]
[EventType "swiss"]
[EventRounds "6"]
[EventCountry "ITA"]
[SourceTitle "EXT 2007"]
[Source "ChessBase"]
[SourceDate "2006.11.23"]
[SourceVersion "1"]
[SourceVersionDate "2006.11.23"]
[SourceQuality "1"]

1. e4 c5 2. Nf3 d6 3. d4 cxd4 4. Nxd4 Nf6 5. Nc3 a6 6. Be2 e5 7. Nf5 Bxf5 8. exf5 h6 9. Be3 d5 10. Qd2 Nc6 11. 0-0-0 d4 12. Bf3 dxe3 13. Qxe3 Qc7 14. Rhe1 Bd6 15. g4 0-0-0 16. Na4 Nd4 17. c3 Bc5 18. Kb1 Nxf3 19. Qxf3 Rxd1+ 20. Rxd1 Rd8 21. Rc1 e4 22. Qe2 b5 23. Nxc5 Qxc5 24. c4 b4 25. f3 Qd4 26. Ka1 Qd3 27. Qe1 Qd2 28. Qg1 e3 29. a3 b3 30. Kb1 Qf2 31. Qh1 Rd2 32. Ka1 Rxb2 33. f4 Ra2+ 0-1

[Event "IECG TG.2002.0.14717"]
[Site "IECG email"]
[Date "2002.??.??"]
[Round "1"]
[White "Zhelezny, Andrey"]
[Black "Faccio, Fabio"]
[Result "1/2-1/2"]
[WhiteElo "1555"]
[BlackElo "1549"]
[PlyCount "91"]
[EventDate "2002.??.??"]
[EventType "match (corr)"]
[EventRounds "2"]
[SourceTitle "Corr 2008"]
[Source "ChessBase"]
[SourceDate "2008.06.24"]
[SourceVersion "1"]
[SourceVersionDate "2008.06.24"]
[SourceQuality "1"]

1. e4 c5 2. f4 Nc6 3. Nf3 g6 4. Nc3 Bg7 5. Bc4 e6 6. 0-0 Nge7 7. e5 d5 8. exd6 Qxd6 9. Ne4 Qd8 10. d3 0-0 11. Bd2 b6 12. Bc3 Nd4 13. Nxd4 Bxd4+ 14. Kh1 Nf5 15. Bxd4 Qxd4 16. c3 Qg7 17. Qd2 Bb7 18. a4 e5 19. Qf2 exf4 20. Qxf4 Rae8 21. Rae1 Kh8 22. Nd6 Nxd6 23. Qxd6 f5 24. a5 Rd8 25. Qe6 Rf6 26. Qe7 Rd7 27. Qe8+ Rf8 28. axb6 axb6 29. Qe6 Rf6 30. Qe5 Rf8 31. Bb5 Qxe5 32. Rxe5 Rd6 33. Ra1 Bd5 34. Kg1 Kg7 35. Ra7+ Kf6 36. Ree7 Rf7 37. Rxf7+ Bxf7 38. Rc7 f4 39. b4 cxb4 40. cxb4 g5 41. Bc4 Bg6 42. Kf2 h6 43. Ke2 Be8 44. Rh7 h5 45. Rh8 Bg6 46. Rf8+ 1/2-1/2